000 00728nam a2200205 i 4500
001 6771
003 ES-MaACL
005 20231226145002.0
007 t|
008 900526s1832 sp |||| | spa d
080 _a84-221"18"
100 1 _aScribe, Eugène.
_9104966
245 1 0 _aFelipe
_b: comedia de Mr. Scribe en dos actos y en prosa /
_carreglada al teatro español por Ramón Arriala.
260 _aMadrid :
_b[s.n.],
_c1832 (
_fImp. de Repullés)
300 _a68 p. ;
_c15 cm.
594 _aRamón de Arriala es anagrama de: Mariano José de Larra.
700 1 _aLarra, Mariano José de,
_d1809-1837
_970287
852 _aES-MaACL
_jR-1778(2)
_z- Encuadernado en un vol. facticio
999 _c6771
_d6771